| 000 | 00509nam a2200193Ia 4500 | ||
|---|---|---|---|
| 003 | OSt | ||
| 005 | 20240603123415.0 | ||
| 008 | 210210b1987 xxu||||| |||| 00| 0 eng d | ||
| 040 | _cAL | ||
| 041 | _aKannada | ||
| 082 | _aK894.3 USHM | ||
| 100 |
_aUSHA NAVARATNARAM. _9131641 _dಉಷಾ ನವರತ್ನರಾಂ |
||
| 245 |
_aMadanika. _bಮದನಿಕಾ |
||
| 260 |
_aBengaluru _bPrakasha Sahitya _c1987 |
||
| 300 | _a135 | ||
| 690 |
_aKannada Fiction _9131642 |
||
| 906 | _a041593 | ||
| 942 |
_2ddc _cBK |
||
| 999 |
_c91478 _d91478 |
||